Sports Quiz

Random Sports or NCAA Quiz

College Football Quarterbacks Quiz Stats

Quiz not verified by Sporcle

Also try: HOF Highest Voted
Challenge
Share
Tweet
Embed
Score 0/92 Timer 10:00
0 Plays Today
Team Quarterback % Correct
AuburnCam Newton
84%
KentuckyMorgan Newton
77.2%
AlabamaGreg McElroy
73.8%
ArkansasRyan Mallett
71.8%
OklahomaLandry Jones
64.6%
OklahomaLandry Jones
64.6%
LSUJordan Jefferson
63.6%
BaylorRobert Griffin
63.1%
BaylorRobert Griffin
63.1%
Texas A&MRyan Tannehill
62.6%
Ohio StateTerrell Pryor
62.1%
South CarolinaStephen Garcia
61.7%
South CarolinaStephen Garcia
61.7%
MissouriBlaine Gabbert
60.7%
MichiganDenard Robinson
60.2%
MichiganDenard Robinson
60.2%
GeorgiaAaron Murray
59.2%
GeorgiaAaron Murray
59.2%
ArkansasTyler Wilson
58.3%
StanfordAndrew Luck
58.3%
StanfordAndrew Luck
58.3%
TexasDavid Ash
57.3%
FloridaJohn Brantley
53.9%
FloridaJohn Brantley
53.9%
Oklahoma StateBrandon Weeden
53.9%
Oklahoma StateBrandon Weeden
53.9%
AlabamaA.J. McCarron
50.5%
LSUJarrett Lee
49%
Michigan StateKirk Cousins
47.6%
Michigan StateKirk Cousins
47.6%
USCMatt Barkley
47.1%
Team Quarterback % Correct
USCMatt Barkley
47.1%
Texas A&MRyan Tannehill
46.6%
TexasGarrett Gilbert
46.1%
WisconsinRussell Wilson
43.7%
WashingtonJake Locker
41.7%
OregonDarron Thomas
41.3%
OregonDarron Thomas
41.3%
IowaRicky Stanzi
39.3%
Ole MissJeremiah Masoli
38.3%
ArizonaNick Foles
38.3%
ArizonaNick Foles
38.3%
TennesseeTyler Bray
36.9%
TennesseeTyler Bray
36.9%
VanderbiltLarry Smith
35.9%
Ohio StateJoe Bauserman
35.9%
NebraskaTaylor Martinez
32.5%
NebraskaTaylor Martinez
32.5%
Kansas StateCollin Klein
32%
PurdueCaleb TerBush
32%
WisconsinScott Tolzien
32%
Mississippi StateChris Relf
30.1%
Mississippi StateChris Relf
30.1%
Arizona StateBrock Osweiler
27.2%
NorthwesternDan Persa
26.7%
MissouriJames Franklin
26.2%
Notre DameTommy Rees
25.7%
Penn StateMatt McGloin
23.8%
Texas TechTaylor Potts
21.8%
KentuckyMike Hartline
21.4%
VanderbiltLarry Smith
21.4%
IllinoisNathan Scheelhaase
20.4%
Team Quarterback % Correct
IllinoisNathan Scheelhaase
20.4%
Penn StateRob Bolden
19.9%
MinnesotaAdam Weber
19.4%
NorthwesternKain Colter
19.4%
AuburnBarrett Trotter
18.4%
WashingtonKeith Price
18.4%
Texas TechSeth Doege
17%
Oregon StateSean Mannion
16.5%
Iowa StateAusten Arnaud
13.6%
Washington StateJeff Tuel
13.6%
Kansas StateCarson Coffman
13.1%
IndianaBen Chappell
13.1%
Arizona StateSteven Threet
11.7%
Iowa StateSteele Jantz
11.2%
Oregon StateRyan Katz
11.2%
ColoradoTyler Hansen
11.2%
MinnesotaMarQueis Gray
10.7%
KansasJordan Webb
9.7%
KansasJordan Webb
9.7%
IowaJames Vandenberg
9.7%
Notre DameDayne Crist
9.7%
Ole MissZack Stoudt
9.2%
CaliforniaKevin Riley
7.8%
CaliforniaZach Maynard
7.8%
ColoradoTyler Hansen
6.3%
UCLARichard Brehaut
4.4%
UCLARichard Brehaut
4.4%
IndianaEdward Wright-Baker
3.9%
PurdueRob Henry
2.4%
Washington StateMarshall Lobbesteal
1%

You're not logged in!

Compare scores with friends on all Sporcle quizzes.
Sign Up with Email
OR
Log In

You Might Also Like...

Show Comments

Extras

Top Quizzes Today


Score Distribution

Your Account Isn't Verified!

In order to create a playlist on Sporcle, you need to verify the email address you used during registration. Go to your Sporcle Settings to finish the process.

Report this User

Report this user for behavior that violates our Community Guidelines.

Details: